00576 2200229 4500001002100000005001500021008004100036020002200077035001900099041000700118082001000125090001600135100002200151245001400173260004200187300002500229500001100254650001500265990001900280990002400299990002300323INLIS00000000000200120241224112445241224||||||||| | ||| |||| || |  a978-979-403-356-2 0010-1224002001 aid0 a574.4 a574.4 JOS m0 aJos Daniel Parera00aMorfologi aJakartabGramedia Pustaka Utamac2007 axi, 123 hlm. ; 21 cm aCet. 4 0aIlmu Murni a05.17.01.05.02 a05. 17.01.05.01.001 a05.17.01.06.07 001